[Event "Plzen A2 12th"]
[Site "Plzen"]
[Date "2024.02.22"]
[Round "7"]
[White "Kuegel, Tobias"]
[Black "Imnadze, Nato"]
[Result "1-0"]
[WhiteElo "2422"]
[BlackElo "2228"]
[PlyCount "109"]
[EventDate "2024.02.17"]
[EventType "tourn"]
[EventRounds "9"]
[EventCountry "CZE"]
[EventCategory "1"]
[SourceTitle "CB09_2024"]
[SourceDate "2024.02.28"]
[SourceVersion "1"]
[SourceVersionDate "2024.02.28"]
[SourceQuality "1"]

1. e4 e5 2. Nf3 Nc6 3. Bb5 a6 4. Bxc6 dxc6 5. 0-0 Bg4 6. h3 h5 7. d3 Qf6 8. Nbd2 Ne7 9. Re1 Ng6 10. d4 Bd6 11. hxg4 hxg4 12. Nh2 Rxh2 13. Qxg4 Qh4 14. Qxh4 Rxh4 15. Nf3 Rh5 16. Be3 0-0-0 17. g3 f6 18. Kg2 Rdh8 19. Rh1 Rxh1 20. Rxh1 Rxh1 21. Kxh1 exd4 22. Nxd4 Ne5 23. f4 Nc4 24. Bc1 Kd7 25. b3 Nb6 26. Nf5 Bf8 27. Kg2 Nc8 28. Kf3 Ke8 29. Nd4 g6 30. Ne6 Bd6 31. Bb2 Kd7 32. Ng7 Be7 33. f5 gxf5 34. exf5 Nd6 35. g4 Nf7 36. Nh5 Ng5+ 37. Ke3 Nh7 38. Ng3 Bd6 39. Ne4 Ke7 40. Kd3 Kf7 41. Ke2 Be7 42. Bc1 Bd6 43. Bh6 Ke7 44. Kf3 Kf7 45. c4 Nf8 46. Bxf8 Bxf8 47. g5 fxg5 48. Nxg5+ Ke8 49. f6 b5 50. Ke4 a5 51. Kf5 Kd7 52. a4 bxa4 53. bxa4 Kd6 54. Nh7 Bh6 55. Kg6 1-0

[Event "GER-ch Rapid 49th"]
[Site "Dinkelsbuehl"]
[Date "2023.11.12"]
[Round "7"]
[White "Kuegel, Tobias"]
[Black "Muckle, Julius"]
[Result "1/2-1/2"]
[WhiteElo "2422"]
[BlackElo "2401"]
[PlyCount "107"]
[EventDate "2023.11.11"]
[EventType "swiss (rapid)"]
[EventRounds "9"]
[EventCountry "GER"]
[SourceTitle "CB46_2023"]
[SourceDate "2023.11.15"]
[SourceVersion "1"]
[SourceVersionDate "2023.11.15"]
[SourceQuality "1"]

1. e4 e6 2. d4 d5 3. Nc3 Nf6 4. Bg5 Be7 5. e5 Nfd7 6. h4 h6 7. Bxe7 Qxe7 8. f4 0-0 9. Nf3 c5 10. Nb5 Nc6 11. Qd2 cxd4 12. 0-0-0 f6 13. exf6 Qxf6 14. Nbxd4 Nc5 15. g3 Ne4 16. Qe1 Bd7 17. Nxc6 Bxc6 18. Bd3 Nc5 19. Ne5 Rac8 20. Rh2 Be8 21. Qe3 a5 22. Kb1 b5 23. Rf1 b4 24. g4 Qe7 25. g5 h5 26. Bg6 Nd7 27. Nxd7 Qxd7 28. Bd3 Qd6 29. Re2 Rc6 30. Qf3 d4 31. g6 Rc5 32. Qg3 Bb5 33. Rfe1 Bxd3 34. Qxd3 Rf6 35. Re5 Rd5 36. Qe2 Rxg6 37. Qxh5 Rh6 38. Qe8+ Qf8 39. Qxf8+ Kxf8 40. Rxd5 exd5 41. Rh1 Kf7 42. Kc1 Re6 43. Kd2 Re4 44. Rf1 Kf6 45. h5 Re3 46. Rg1 Kf5 47. Rxg7 Rh3 48. Rg5+ Kxf4 49. Rxd5 Ke4 50. Rxa5 Rh2+ 51. Kd1 Rh1+ 52. Kd2 Rh2+ 53. Kd1 Rh1+ 54. Kd2 1/2-1/2

[Event "GER-ch Rapid 49th"]
[Site "Dinkelsbuehl"]
[Date "2023.11.12"]
[Round "6"]
[White "Langheinrich, Ferenc"]
[Black "Kuegel, Tobias"]
[Result "0-1"]
[WhiteElo "2352"]
[BlackElo "2422"]
[PlyCount "100"]
[EventDate "2023.11.11"]
[EventType "swiss (rapid)"]
[EventRounds "9"]
[EventCountry "GER"]
[SourceTitle "CB46_2023"]
[SourceDate "2023.11.15"]
[SourceVersion "1"]
[SourceVersionDate "2023.11.15"]
[SourceQuality "1"]

1. e4 e5 2. Nf3 Nc6 3. Bb5 Nf6 4. Qe2 Bd6 5. c3 0-0 6. d3 Ne7 7. Nbd2 c6 8. Ba4 Ng6 9. g3 Bc7 10. h4 h6 11. h5 Ne7 12. Nh4 d5 13. Nf1 Bb6 14. Nh2 Be6 15. Rg1 Nd7 16. g4 f6 17. Nf5 Kh7 18. Nf3 dxe4 19. dxe4 Bf7 20. N3h4 Nc5 21. Bc2 Ng8 22. Ng6 Bxg6 23. hxg6+ Kxg6 24. Bd2 Ne6 25. 0-0-0 Qc7 26. Rh1 Rad8 27. f4 Kf7 28. g5 Nxf4 29. Bxf4 exf4 30. Qh5+ g6 31. Bb3+ Rd5 32. Nxh6+ Ke7 33. Nxg8+ Rxg8 34. Qh7+ Kf8 35. exd5 Be3+ 36. Kb1 Qxh7 37. Rxh7 cxd5 38. Bxd5 Rg7 39. Rxg7 Kxg7 40. gxf6+ Kxf6 41. Bxb7 g5 42. Bc8 f3 43. Rd3 f2 44. Rxe3 f1Q+ 45. Kc2 Qf2+ 46. Kd3 Qxb2 47. Be6 Qb1+ 48. Kd2 a5 49. Ke2 Qb5+ 50. Kf3 Qf1+ 0-1

[Event "GER-ch Rapid 49th"]
[Site "Dinkelsbuehl"]
[Date "2023.11.11"]
[Round "1"]
[White "Berchtenbreiter, Maximilian"]
[Black "Kuegel, Tobias"]
[Result "1-0"]
[WhiteElo "2494"]
[BlackElo "2422"]
[PlyCount "69"]
[EventDate "2023.11.11"]
[EventType "swiss (rapid)"]
[EventRounds "9"]
[EventCountry "GER"]
[SourceTitle "CB46_2023"]
[SourceDate "2023.11.15"]
[SourceVersion "1"]
[SourceVersionDate "2023.11.15"]
[SourceQuality "1"]

1. c3 Nf6 2. g3 d5 3. d3 e6 4. Bg2 Be7 5. Nd2 0-0 6. a4 c5 7. e4 Nc6 8. Qe2 dxe4 9. dxe4 Ne5 10. Bf1 c4 11. Nxc4 Nxc4 12. Qxc4 b6 13. Nf3 Bb7 14. Nd2 Ng4 15. Qe2 f5 16. Bg2 Nxf2 17. Qxf2 fxe4 18. Qe2 Bc5 19. Nxe4 Bxe4 20. Qxe4 Qf6 21. Be3 Bxe3 22. Qxe3 Rad8 23. Rf1 Qg6 24. Rxf8+ Kxf8 25. Rd1 Rxd1+ 26. Kxd1 Qb1+ 27. Qc1 Qd3+ 28. Qd2 Qb1+ 29. Ke2 h6 30. Kf2 Ke7 31. Bf3 Qa2 32. Bc6 Kf7 33. Qd7+ Kg8 34. Qe8+ Kh7 35. Be4+ 1-0

[Event "Pardubice Czech op-A 34th"]
[Site "Pardubice"]
[Date "2023.07.28"]
[Round "8"]
[White "Kuegel, Tobias"]
[Black "Panda, Sambit"]
[Result "1-0"]
[WhiteElo "2301"]
[BlackElo "2417"]
[PlyCount "105"]
[EventDate "2023.07.21"]
[EventType "swiss"]
[EventRounds "9"]
[EventCountry "CZE"]
[SourceTitle "CBM 215 Extra"]
[Source "ChessBase"]
[SourceDate "2023.09.30"]
[SourceVersion "1"]
[SourceVersionDate "2023.09.30"]
[SourceQuality "1"]

1. e4 e6 2. d4 d5 3. Nc3 Nf6 4. Bg5 Bb4 5. Nge2 dxe4 6. a3 Be7 7. Bxf6 Bxf6 8. Nxe4 0-0 9. g3 e5 10. Bg2 exd4 11. Nxf6+ Qxf6 12. Qxd4 Qe7 13. Qe4 Qxe4 14. Bxe4 Re8 15. 0-0-0 Nd7 16. Nc3 Nf6 17. Bf3 c6 18. Ne4 Nxe4 19. Bxe4 Bg4 20. Rde1 f5 21. Bd3 Bf3 22. Rxe8+ Rxe8 23. Rg1 g6 24. Kd2 Kf7 25. Re1 Rd8 26. Kc3 Kf6 27. Re3 Bd5 28. h4 Bf7 29. f4 Rd5 30. b4 b5 31. Be2 Rd6 32. Re5 Bd5 33. Bd3 Be6 34. Re3 h6 35. Re1 Rd8 36. Ra1 Ra8 37. a4 bxa4 38. Rxa4 Ke7 39. Ra6 Kd6 40. Kd4 Bd5 41. b5 Bg2 42. c4 Kd7 43. c5 Ke7 44. Ke5 cxb5 45. Bxb5 Kf7 46. Bc4+ Kg7 47. c6 g5 48. hxg5 hxg5 49. Be6 gxf4 50. gxf4 Kf8 51. c7 Bb7 52. Rd6 Ke8 53. Kf6 1-0

[Event "Walsrode Chessemy op-A"]
[Site "Walsrode"]
[Date "2023.03.08"]
[Round "5"]
[White "Sauer, Tim"]
[Black "Kuegel, Tobias"]
[Result "0-1"]
[WhiteElo "2060"]
[BlackElo "2314"]
[PlyCount "152"]
[EventDate "2023.03.04"]
[EventType "swiss"]
[EventRounds "9"]
[EventCountry "GER"]
[SourceTitle "CBM 213 Extra"]
[Source "ChessBase"]
[SourceDate "2023.05.31"]
[SourceVersion "1"]
[SourceVersionDate "2023.05.31"]
[SourceQuality "1"]

1. c4 Nf6 2. g3 e6 3. Bg2 d5 4. Nf3 Be7 5. 0-0 0-0 6. b3 b6 7. Bb2 c5 8. e3 Nc6 9. Nc3 Ba6 10. d3 Rc8 11. Qe2 Qd7 12. Rfd1 Rfd8 13. Rac1 Qe8 14. h3 h6 15. g4 Bb7 16. cxd5 Nxd5 17. Nxd5 Rxd5 18. d4 cxd4 19. Nxd4 Rc5 20. Nxc6 Bxc6 21. Bxc6 R5xc6 22. Qb5 Kf8 23. Kf1 f6 24. Qa4 Rc2 25. Qxe8+ Kxe8 26. Rb1 g6 27. Rbc1 f5 28. gxf5 gxf5 29. Ke1 Bh4 30. Rxc2 Rxc2 31. Rd2 Rxd2 32. Kxd2 Bxf2 33. Be5 Kd7 34. Ke2 Bh4 35. Kd3 Kc6 36. Kd4 Be7 37. a4 Bc5+ 38. Kd3 Kd5 39. Bb8 a6 40. Bc7 e5 41. Bd8 e4+ 42. Kd2 Kc6 43. Bf6 b5 44. Bg7 h5 45. axb5+ Kxb5 46. Bh6 Bb4+ 47. Kd1 Kc6 48. Ke2 Bc3 49. Bf4 Kd5 50. Bg5 Ke6 51. Kf2 Bf6 52. Bf4 Be5 53. Bg5 Kf7 54. Ke2 Kg6 55. Bd8 f4 56. exf4 Bxf4 57. Bb6 Kg5 58. Bd8+ Kf5 59. Bb6 Ke6 60. Bc5 Kd5 61. Bb4 Bd6 62. Bc3 Bc5 63. Ba5 Kc6 64. Bc3 Kb5 65. Bd2 Bb4 66. Bc1 Bc3 67. Ba3 Bd4 68. Kd2 Bc5 69. Bc1 Kb4 70. Kc2 e3 71. Bb2 e2 72. Kd2 Kxb3 73. Be5 a5 74. Kxe2 a4 75. Kd2 a3 76. Kc1 a2 0-1

[Event "Walsrode Chessemy op-A"]
[Site "Walsrode"]
[Date "2023.03.04"]
[Round "1"]
[White "Brockmeyer, Tobias"]
[Black "Kuegel, Tobias"]
[Result "0-1"]
[WhiteElo "1918"]
[BlackElo "2314"]
[PlyCount "64"]
[EventDate "2023.03.04"]
[EventType "swiss"]
[EventRounds "9"]
[EventCountry "GER"]
[SourceTitle "CBM 213 Extra"]
[Source "ChessBase"]
[SourceDate "2023.05.31"]
[SourceVersion "1"]
[SourceVersionDate "2023.05.31"]
[SourceQuality "1"]

1. d4 Nf6 2. c4 e6 3. Nf3 d5 4. cxd5 exd5 5. Nc3 c6 6. Bg5 Be7 7. e3 Bf5 8. Bd3 Bxd3 9. Qxd3 Nbd7 10. 0-0 0-0 11. Rab1 a5 12. Na4 Ne4 13. Bxe7 Qxe7 14. a3 Rfe8 15. Rfc1 g5 16. Nd2 Nd6 17. Nc5 g4 18. b4 axb4 19. axb4 h5 20. Ndb3 Nf6 21. Ra1 h4 22. Rxa8 Rxa8 23. Ra1 Rxa1+ 24. Nxa1 b6 25. Ncb3 h3 26. Nc2 hxg2 27. Nc1 Nfe4 28. Kxg2 Nf5 29. Qa6 Nh4+ 30. Kf1 Qf6 31. Nd3 Qf3 32. Qa1 g3 0-1

[Event "Verden op-A"]
[Site "Verden"]
[Date "2023.01.07"]
[Round "6"]
[White "Kuegel, Tobias"]
[Black "Loecken, Siegfried"]
[Result "1-0"]
[WhiteElo "2309"]
[BlackElo "1996"]
[PlyCount "49"]
[EventDate "2023.01.05"]
[EventType "swiss"]
[EventRounds "7"]
[EventCountry "GER"]
[SourceTitle "CBM 212 Extra"]
[Source "ChessBase"]
[SourceDate "2023.03.31"]
[SourceVersion "1"]
[SourceVersionDate "2023.03.31"]
[SourceQuality "1"]

1. e4 Nf6 2. e5 Nd5 3. c4 Nb6 4. d4 d6 5. f4 dxe5 6. fxe5 Bf5 7. Nc3 e6 8. Nf3 Be7 9. Be3 0-0 10. Be2 Nc6 11. 0-0 f6 12. exf6 Bxf6 13. Qd2 Qe7 14. Rad1 Rad8 15. h3 h6 16. Qc1 Rd7 17. Kh1 Bh7 18. d5 exd5 19. cxd5 Nb4 20. Bxb6 axb6 21. Bc4 Kh8 22. a3 Nc2 23. Bd3 Ne3 24. Rde1 Re8 25. Bb5 1-0

[Event "Verden op-A"]
[Site "Verden"]
[Date "2023.01.06"]
[Round "3"]
[White "Hesse, Juergen"]
[Black "Kuegel, Tobias"]
[Result "0-1"]
[WhiteElo "1930"]
[BlackElo "2309"]
[PlyCount "56"]
[EventDate "2023.01.05"]
[EventType "swiss"]
[EventRounds "7"]
[EventCountry "GER"]
[SourceTitle "CBM 212 Extra"]
[Source "ChessBase"]
[SourceDate "2023.03.31"]
[SourceVersion "1"]
[SourceVersionDate "2023.03.31"]
[SourceQuality "1"]

1. e4 e5 2. Nf3 Nc6 3. Bc4 Nf6 4. d3 Bc5 5. c3 0-0 6. 0-0 d5 7. exd5 Nxd5 8. b4 Be7 9. b5 Na5 10. Nxe5 Nxc4 11. Nxc4 a6 12. bxa6 Rxa6 13. d4 c5 14. Be3 Be6 15. Qd3 cxd4 16. cxd4 Nb4 17. Qe2 Bxc4 18. Qxc4 Rc6 19. Qb3 Nc2 20. Nd2 Nxa1 21. Rxa1 Bf6 22. Nf3 Qb6 23. Qd3 Qa6 24. Qf5 Ra8 25. g4 Qa5 26. Qf4 Qd5 27. g5 Be7 28. Rb1 Rca6 0-1

[Event "Verden op-A"]
[Site "Verden"]
[Date "2023.01.05"]
[Round "2"]
[White "Kuegel, Tobias"]
[Black "Scheffner, Jarno"]
[Result "1-0"]
[WhiteElo "2309"]
[BlackElo "1962"]
[PlyCount "183"]
[EventDate "2023.01.05"]
[EventType "swiss"]
[EventRounds "7"]
[EventCountry "GER"]
[SourceTitle "CBM 212 Extra"]
[Source "ChessBase"]
[SourceDate "2023.03.31"]
[SourceVersion "1"]
[SourceVersionDate "2023.03.31"]
[SourceQuality "1"]

1. e4 e5 2. Nf3 Nc6 3. Bb5 Nf6 4. 0-0 Nxe4 5. d4 a6 6. Bxc6 dxc6 7. Qe2 Nd6 8. dxe5 Nf5 9. Rd1 Bd7 10. e6 fxe6 11. Bg5 Be7 12. Ne5 Bxg5 13. Rxd7 Qxd7 14. Nxd7 Kxd7 15. Nc3 Rae8 16. Ne4 Be7 17. Rd1+ Kc8 18. Qc4 Rhf8 19. Qxe6+ Kb8 20. Qc4 Nd6 21. Nxd6 Bxd6 22. g3 Re5 23. Kg2 Rc5 24. Qe4 Rcf5 25. Rd2 g5 26. h4 h6 27. hxg5 hxg5 28. b4 c5 29. bxc5 Bxc5 30. Rd8+ Ka7 31. Rxf8 Rxf8 32. f3 Rd8 33. Qe5 Rd2+ 34. Kh3 Rxc2 35. Qxc7 Rc1 36. Qe5 Bf2 37. Qb2 Be3 38. Qa3 Rh1+ 39. Kg4 Bc1 40. Qc5+ Ka8 41. Qf8+ Ka7 42. Qc5+ Ka8 43. Qc3 Rf1 44. a4 Kb8 45. a5 Ka8 46. Kf5 Kb8 47. Ke6 Rh1 48. Ke7 Rd1 49. Ke8 Bd2 50. Qc2 Re1+ 51. Kd7 Bxa5 52. Qc8+ Ka7 53. Qc5+ Bb6 54. Qxg5 a5 55. f4 a4 56. Qb5 Rd1+ 57. Ke6 Rd4 58. f5 a3 59. Qb3 Re4+ 60. Kd5 Re3 61. Qa4+ Kb8 62. g4 Rd3+ 63. Ke6 Bc5 64. g5 Rd6+ 65. Kf7 Ra6 66. Qe8+ Ka7 67. Qe5 Bd6 68. Qd4+ Kb8 69. g6 a2 70. Qa1 Ra5 71. g7 Rxf5+ 72. Ke6 Rg5 73. Kxd6 b5 74. Qxa2 Rxg7 75. Kc6 Rg6+ 76. Kxb5 Rg5+ 77. Kc6 Rg6+ 78. Kd7 Rg7+ 79. Ke6 Rg6+ 80. Kf5 Rb6 81. Ke5 Rb5+ 82. Kd6 Rb7 83. Qh2 Ka7 84. Qf2+ Kb8 85. Qf4 Ka7 86. Qd4+ Kb8 87. Kc6 Ka8 88. Qa1+ Kb8 89. Qa5 Rb1 90. Qe5+ Ka7 91. Qd4+ Kb8 92. Qh8+ 1-0

[Event "Titled Tuesday intern op 03rd Jan Late"]
[Site "Chess.com INT"]
[Date "2023.01.03"]
[Round "4"]
[White "Ardila, Oscar Humberto"]
[Black "Kuegel, Tobias"]
[Result "0-1"]
[WhiteElo "1982"]
[BlackElo "2309"]
[PlyCount "112"]
[EventDate "2023.01.03"]
[EventType "swiss (blitz)"]
[EventRounds "11"]
[EventCountry "USA"]
[SourceTitle "EXT 2024"]
[Source "ChessBase"]
[SourceDate "2023.10.10"]
[SourceVersion "1"]
[SourceVersionDate "2023.10.10"]
[SourceQuality "1"]

1. d4 Nf6 2. c4 e6 3. Nc3 Bb4 4. Bd2 0-0 5. Nf3 b6 6. e3 Bb7 7. Be2 Be7 8. 0-0 d5 9. Rc1 c5 10. dxc5 Bxc5 11. cxd5 Nxd5 12. Nxd5 Bxd5 13. a3 Nd7 14. b4 Be7 15. Bc3 Bf6 16. Nd4 Ne5 17. Qa4 Qd7 18. Bb5 Qb7 19. f3 a6 20. Be2 b5 21. Qd1 Bc4 22. a4 Rfd8 23. Bxc4 Nxc4 24. Qe2 Rac8 25. axb5 axb5 26. Nb3 Be7 27. Rfd1 Qb6 28. Bd4 Qb8 29. Bc5 Bf6 30. Rxd8+ Rxd8 31. Rd1 h6 32. h3 Kh7 33. Nd4 Bxd4 34. Rxd4 Rxd4 35. exd4 Qf4 36. Qe4+ Qxe4 37. fxe4 Nd2 38. d5 Nxe4 39. d6 Nf6 40. Kf2 Kg6 41. Ke3 Nd7 42. Kd4 f6 43. Ke4 f5+ 44. Kd4 Kf6 45. Ba7 g5 46. Bc5 h5 47. g3 h4 48. gxh4 gxh4 49. Ba7 Kg5 50. Ke3 e5 51. Bc5 Kf6 52. Ba7 Ke6 53. Bc5 Nxc5 54. bxc5 Kd7 55. Kd3 f4 56. Ke4 b4 0-1

[Event "Titled Tuesday intern op 03rd Jan Late"]
[Site "Chess.com INT"]
[Date "2023.01.03"]
[Round "10"]
[White "Golubev, Mikhail"]
[Black "Kuegel, Tobias"]
[Result "1/2-1/2"]
[WhiteElo "2461"]
[BlackElo "2309"]
[PlyCount "118"]
[EventDate "2023.01.03"]
[EventType "swiss (blitz)"]
[EventRounds "11"]
[EventCountry "USA"]
[SourceTitle "EXT 2024"]
[Source "ChessBase"]
[SourceDate "2023.10.10"]
[SourceVersion "1"]
[SourceVersionDate "2023.10.10"]
[SourceQuality "1"]

1. e4 e5 2. Nf3 Nc6 3. Bc4 Bc5 4. c3 Nf6 5. d4 exd4 6. cxd4 Bb4+ 7. Nbd2 Nxe4 8. d5 Ne7 9. 0-0 Nxd2 10. Nxd2 Bxd2 11. Bxd2 0-0 12. d6 cxd6 13. Bb4 d5 14. Bxd5 d6 15. Bxd6 Nxd5 16. Qxd5 Be6 17. Qe5 Re8 18. Qg3 Qf6 19. Be5 Qg6 20. Qxg6 hxg6 21. a3 Rac8 22. Bc3 Red8 23. Rfe1 Rd5 24. h3 g5 25. f3 Rc6 26. Kh2 f6 27. Re2 Kf7 28. Rae1 Rd7 29. Kg3 Bc4 30. Re8 Re6 31. R1xe6 Bxe6 32. Ra8 a6 33. h4 gxh4+ 34. Kxh4 Bd5 35. Kg3 Bc6 36. Rh8 Rd1 37. Rh4 Rd5 38. Kf2 Rd7 39. Rh1 Rd5 40. Re1 Rd6 41. Re3 Bb5 42. Re4 Re6 43. Rxe6 Kxe6 44. Ke3 Bf1 45. g3 Bb5 46. g4 g5 47. f4 gxf4+ 48. Kxf4 Be2 49. Bd4 Bd1 50. Bc3 Bc2 51. Bd4 Bb1 52. Bc3 Ba2 53. Bd4 Bb3 54. Bc3 Ba4 55. Bd4 Bc6 56. Bc3 Bd5 57. Bd4 Bc6 58. Bc3 Bd5 59. Bd4 Bc6 1/2-1/2

[Event "EU-ch Rapid"]
[Site "Katowice"]
[Date "2022.12.17"]
[Round "6"]
[White "Mikhalchishin, Adrian"]
[Black "Kuegel, Tobias"]
[Result "1-0"]
[WhiteElo "2455"]
[BlackElo "2309"]
[PlyCount "45"]
[EventDate "2022.12.17"]
[EventType "swiss (rapid)"]
[EventRounds "11"]
[EventCountry "POL"]
[SourceTitle "CBM 211 Extra"]
[Source "ChessBase"]
[SourceDate "2023.01.31"]
[SourceVersion "1"]
[SourceVersionDate "2023.01.31"]
[SourceQuality "1"]

1. d4 Nf6 2. Nf3 d5 3. c4 e6 4. Nc3 dxc4 5. e3 a6 6. a4 c5 7. Bxc4 cxd4 8. exd4 Nc6 9. 0-0 Be7 10. Be3 0-0 11. Qe2 b6 12. Rad1 Bb7 13. Ne5 Nb4 14. f4 Nbd5 15. f5 exf5 16. Rxf5 Nxe3 17. Qxe3 Qc7 18. Rdf1 Rad8 19. Rxf6 Bxf6 20. Rxf6 gxf6 21. Qg3+ Kh8 22. Ng6+ hxg6 23. Qxc7 1-0

[Event "Main Vogelsberg op 16th"]
[Site "Waechtersbach"]
[Date "2022.10.03"]
[Round "6"]
[White "Kuegel, Tobias"]
[Black "Eurich, Jannik"]
[Result "1/2-1/2"]
[WhiteElo "2275"]
[BlackElo "2074"]
[PlyCount "96"]
[EventDate "2022.09.30"]
[EventType "swiss"]
[EventRounds "7"]
[EventCountry "GER"]
[SourceTitle "CBM 210 Extra"]
[Source "ChessBase"]
[SourceDate "2022.11.30"]
[SourceVersion "1"]
[SourceVersionDate "2022.11.30"]
[SourceQuality "1"]

1. e4 c5 2. Nf3 d6 3. d4 cxd4 4. Nxd4 Nf6 5. f3 e5 6. Nb3 Be6 7. c4 Nbd7 8. Nc3 Rc8 9. Be3 Bxc4 10. Bxc4 Rxc4 11. Qd3 Rc8 12. Nb5 a6 13. Nxd6+ Bxd6 14. Qxd6 Qe7 15. Qxe7+ Kxe7 16. Rc1 Rxc1+ 17. Nxc1 Rc8 18. Kd2 Ne8 19. Nd3 Nd6 20. b3 Ke6 21. g4 g6 22. g5 b5 23. Ra1 f5 24. gxf6 Kxf6 25. a4 Ke6 26. axb5 axb5 27. Ra6 Rc7 28. b4 Nb8 29. Rb6 Nd7 30. Ra6 Nb8 31. Ra8 Nc4+ 32. Ke2 Nd7 33. Rh8 Nxe3 34. Kxe3 h5 35. Ra8 Rc6 36. Re8+ Kf6 37. Rd8 Nb6 38. Rf8+ Kg7 39. Rb8 Kf6 40. Rf8+ Ke7 41. Rf7+ Ke6 42. Rb7 Nc4+ 43. Ke2 Nb6 44. Rg7 Rc2+ 45. Kd1 Rg2 46. Ne1 Rg1 47. Ke2 Kf6 48. Rd7 Ke6 1/2-1/2

[Event "Main Vogelsberg op 16th"]
[Site "Waechtersbach"]
[Date "2022.10.02"]
[Round "5"]
[White "Schellenberger, Dirk"]
[Black "Kuegel, Tobias"]
[Result "0-1"]
[WhiteElo "1883"]
[BlackElo "2275"]
[PlyCount "56"]
[EventDate "2022.09.30"]
[EventType "swiss"]
[EventRounds "7"]
[EventCountry "GER"]
[SourceTitle "CBM 210 Extra"]
[Source "ChessBase"]
[SourceDate "2022.11.30"]
[SourceVersion "1"]
[SourceVersionDate "2022.11.30"]
[SourceQuality "1"]

1. e3 Nc6 2. d4 e5 3. d5 Nce7 4. Nc3 Nf6 5. e4 Ng6 6. Be3 Bb4 7. Bd3 c6 8. dxc6 bxc6 9. Nge2 Ng4 10. Qd2 0-0 11. a3 Be7 12. Bc4 d6 13. 0-0 Be6 14. Bxe6 fxe6 15. Rad1 d5 16. Qe1 Nxe3 17. fxe3 Rxf1+ 18. Qxf1 Qb6 19. Rb1 Rf8 20. Qe1 Qxe3+ 21. Kh1 d4 22. Nd1 Qxe4 23. Nf2 Qxc2 24. Kg1 d3 25. Nc3 Bc5 26. Nce4 Bxf2+ 27. Nxf2 Rxf2 28. Rc1 d2 0-1

[Event "Main Vogelsberg op 16th"]
[Site "Waechtersbach"]
[Date "2022.10.01"]
[Round "3"]
[White "Voellinger, Florian"]
[Black "Kuegel, Tobias"]
[Result "1/2-1/2"]
[WhiteElo "1892"]
[BlackElo "2275"]
[PlyCount "192"]
[EventDate "2022.09.30"]
[EventType "swiss"]
[EventRounds "7"]
[EventCountry "GER"]
[SourceTitle "CBM 210 Extra"]
[Source "ChessBase"]
[SourceDate "2022.11.30"]
[SourceVersion "1"]
[SourceVersionDate "2022.11.30"]
[SourceQuality "1"]

1. d4 d6 2. c4 e5 3. d5 f5 4. Nc3 Nf6 5. g3 Be7 6. Bg2 0-0 7. Nf3 a5 8. Qc2 Na6 9. Be3 Qe8 10. h3 Nh5 11. Rg1 f4 12. gxf4 Nxf4 13. 0-0-0 Qh5 14. a3 Bd7 15. Bh1 b6 16. Rg3 Bf5 17. Qd2 Bg6 18. h4 Nb4 19. Rdg1 Qf5 20. Ng5 Na2+ 21. Kd1 Nxc3+ 22. Qxc3 Nh5 23. Rg4 Bxg5 24. Rxg5 Qf6 25. Bf3 Qf7 26. Bg4 Kh8 27. Be6 Qf6 28. Bg4 Nf4 29. Bxf4 Qxf4 30. f3 Rae8 31. Be6 Qxh4 32. Qe1 Qxe1+ 33. Kxe1 Rf6 34. Kf2 Re7 35. Ke3 Be8 36. b4 axb4 37. axb4 h6 38. R5g3 g5 39. Ra1 Rf4 40. Kd3 Kg7 41. Ra7 Rd4+ 42. Kc3 b5 43. cxb5 Bxb5 44. Rg2 Kf6 45. Rb7 c6 46. dxc6 Bxc6 47. Rxe7 Kxe7 48. Bc4 d5 49. Ba6 Kd6 50. Rg1 Kc7 51. Rh1 Rh4 52. Rd1 Kb6 53. Bd3 Rf4 54. Ra1 Bb7 55. Ra5 Rf8 56. Rb5+ Kc7 57. Bg6 Bc6 58. Rc5 Kb6 59. Kd3 Rf4 60. Kc3 Rf6 61. Bh5 Bb7 62. Ra5 Rc6+ 63. Kb3 Ba6 64. Bf7 Bc4+ 65. Ka3 Bxe2 66. Bxd5 Rc3+ 67. Kb2 Re3 68. Kc2 Bxf3 69. Bxf3 Rxf3 70. Rxe5 Rh3 71. Kd2 Kc6 72. Ke2 Kd6 73. Re8 Rb3 74. Rh8 Rxb4 75. Rxh6+ Ke5 76. Kf3 Kf5 77. Ra6 Rb3+ 78. Kg2 Kg4 79. Ra4+ Kh5 80. Rc4 Ra3 81. Rb4 Ra2+ 82. Kg3 Ra1 83. Rb3 Rg1+ 84. Kh2 Rg4 85. Ra3 Rb4 86. Kg3 Rb5 87. Rc3 g4 88. Ra3 Kg5 89. Rc3 Rf5 90. Ra3 Rf1 91. Ra5+ Rf5 92. Ra3 Rf1 93. Ra5+ Kf6 94. Kxg4 Re1 95. Ra6+ Re6 96. Rxe6+ Kxe6 1/2-1/2

[Event "POL-chT 2nd League"]
[Site "Jastrzebia Gora"]
[Date "2022.09.04"]
[Round "2.9"]
[White "Dzikowski, Michal"]
[Black "Kuegel, Tobias"]
[Result "1/2-1/2"]
[WhiteElo "2084"]
[BlackElo "2297"]
[PlyCount "102"]
[EventDate "2022.09.03"]
[EventType "team-swiss"]
[EventRounds "9"]
[EventCountry "POL"]
[SourceTitle "CBM 210 Extra"]
[Source "ChessBase"]
[SourceDate "2022.11.30"]
[SourceVersion "1"]
[SourceVersionDate "2022.11.30"]
[SourceQuality "1"]
[WhiteTeam "Wisznia Mala Bialy Krol"]
[BlackTeam "Wroclaw Kopernik"]
[WhiteTeamCountry "POL"]
[BlackTeamCountry "POL"]

1. d4 Nf6 2. Nf3 d5 3. g3 e6 4. Bg2 Be7 5. 0-0 0-0 6. c4 dxc4 7. Ne5 Nc6 8. Nxc6 bxc6 9. Na3 Bxa3 10. bxa3 Ba6 11. Bxc6 Rb8 12. Qa4 Rb6 13. Bd2 Qd6 14. Bf3 Nd5 15. Rfb1 Rfb8 16. Rxb6 Qxb6 17. Rc1 f5 18. Bxd5 exd5 19. Qd7 Qd6 20. Qxd6 cxd6 21. Bc3 Kf7 22. f4 Bc8 23. Kf2 Bd7 24. Ke3 Ba4 25. h3 Kf6 26. Kf3 Be8 27. e3 Bh5+ 28. Kf2 Ke6 29. Rg1 Rb7 30. Rc1 Rb6 31. a4 Be8 32. a5 Rb7 33. Kf3 Ba4 34. Kf2 a6 35. Kf3 Be8 36. Kf2 Rb8 37. Kf3 Bh5+ 38. Kf2 Rb5 39. Rg1 Rb7 40. Rc1 h6 41. Rg1 Be8 42. Rc1 Kf6 43. Kf3 h5 44. h4 Ba4 45. Ke2 Ke6 46. Kd2 Kd7 47. Ke2 Kc7 48. Kd2 Bd7 49. Rg1 Kc6 50. Rc1 Bc8 51. Kc2 Rb5 1/2-1/2

[Event "Titled Tuesday intern op 08th Mar Late"]
[Site "Chess.com INT"]
[Date "2022.03.08"]
[Round "11"]
[White "Mikhalsky, Vladimir"]
[Black "Kuegel, Tobias"]
[Result "0-1"]
[WhiteElo "2269"]
[BlackElo "2278"]
[PlyCount "88"]
[EventDate "2022.03.08"]
[EventType "swiss (blitz)"]
[EventRounds "11"]
[EventCountry "USA"]
[SourceTitle "CBM 207 Extra"]
[Source "ChessBase"]
[SourceDate "2022.05.31"]
[SourceVersion "1"]
[SourceVersionDate "2022.05.31"]
[SourceQuality "1"]

1. c4 b6 2. d4 Bb7 3. f3 Nf6 4. e4 Nc6 5. Nc3 e5 6. d5 Nd4 7. Nge2 Bc5 8. Na4 Bb4+ 9. Kf2 Nxe2 10. Bxe2 0-0 11. a3 Bd6 12. b4 Nh5 13. c5 bxc5 14. bxc5 Be7 15. Rb1 Rb8 16. Bc4 Kh8 17. Be3 Bg5 18. Qd2 Bxe3+ 19. Qxe3 f5 20. exf5 Qh4+ 21. g3 Qxc4 22. Qe4 Bxd5 23. Qxc4 Bxc4 24. g4 Nf4 25. Ke3 Bb5 26. Nc3 Bc6 27. h4 g6 28. fxg6 hxg6 29. h5 gxh5 30. Ne4 Rxb1 31. Rxb1 hxg4 32. Rh1+ Kg7 33. Rg1 Nd5+ 34. Ke2 Nf6 35. Nxf6 Bxf3+ 36. Ke3 Kxf6 37. Rb1 Ke6 38. Rb4 Kd5 39. Ra4 Kxc5 40. Rxa7 Kb6 41. Ra4 d5 42. Rb4+ Kc5 43. Rb7 d4+ 44. Kd2 Bxb7 0-1

[Event "Titled Tuesday intern op 08th Mar Late"]
[Site "Chess.com INT"]
[Date "2022.03.08"]
[Round "3"]
[White "Rudzinska, Michalina"]
[Black "Kuegel, Tobias"]
[Result "0-1"]
[WhiteElo "2211"]
[BlackElo "2278"]
[PlyCount "40"]
[EventDate "2022.03.08"]
[EventType "swiss (blitz)"]
[EventRounds "11"]
[EventCountry "USA"]
[SourceTitle "CBM 207 Extra"]
[Source "ChessBase"]
[SourceDate "2022.05.31"]
[SourceVersion "1"]
[SourceVersionDate "2022.05.31"]
[SourceQuality "1"]

1. Nf3 d6 2. b3 e5 3. Bb2 g6 4. d4 Bg7 5. dxe5 Nd7 6. e3 Nxe5 7. Nxe5 Bxe5 8. Bxe5 dxe5 9. Qxd8+ Kxd8 10. Nd2 c6 11. 0-0-0 Kc7 12. Nc4 f6 13. Nd6 Be6 14. Bc4 Bxc4 15. bxc4 Ne7 16. c5 Rhd8 17. Rd3 b6 18. Ne4 f5 19. Ng5 Rxd3 20. c3 Rxc3+ 0-1